000 00493nam a2200169 4500
003 SEACOMEC
005 20240522144624.0
008 240522b |||||||| |||| 00| 0 eng d
020 _a9780195670929.
_cRs.345.00
040 _aSEACOMEC
082 _a621.317
_bM825
100 _aMoorthi, V R.
245 1 _aPower electronics : devices, circuits, and industrial applications
_c V. R. Moorthi.
260 _a New Delhi
_bOxford University Press
_c2007
650 _a ELECTRONICS
942 _cBOOK
999 _c1174
_d1174